| 000 | 00477nam a2200169 4500 | ||
|---|---|---|---|
| 001 | 148585 | ||
| 003 | ES-MaACL | ||
| 007 | t| | ||
| 008 | 070214s1929 sp r ||||1| spa d | ||
| 100 | 0 |
_aStendhal, _d1783-1842 _9108086 |
|
| 245 | 1 | 0 |
_aArmancia / _cStendhal ; traducción de Carmen Abreu. |
| 260 |
_aMadrid : _bMundo Latino, _c1929. |
||
| 300 |
_a297 p. ; _c19 cm. |
||
| 700 | 1 |
_aAbreu, Carmen. _918150 |
|
| 852 |
_aES-MaACL _jB-43 |
||
| 999 |
_c148585 _d148585 |
||